Who Said It? Famous Quotes Quiz 2 - Statistics

General Stats
  • This quiz has been taken 2 times
  • The average score is 7 of 15
Answer Stats
Question Answer % Correct
“I want to be alone.” Greta Garbo
100%
“Ask not what your country can do for you—ask what you can do for your country.” John F. Kennedy
100%
“Float like a butterfly, sting like a bee.” Muhammad Ali
100%
“Life is what happens when you're busy making other plans.” John Lennon
50%
“If you want something said, ask a man; if you want something done, ask a woman.” Margaret Thatcher
50%
“When people show you who they are, believe them.” Oprah Winfrey
50%
“I can resist everything except temptation.” Oscar Wilde
50%
“I think, therefore I am.” (Cogito, ergo sum) René Descartes
50%
“We accept the love we think we deserve.” Stephen Chbosky
50%
“Genius is one percent inspiration and ninety-nine percent perspiration.” Thomas Edison
50%
“Two things are infinite: the universe and human stupidity; and I'm not sure about the universe.” Albert Einstein
0%
“The future belongs to those who believe in the beauty of their dreams.” Eleanor Roosevelt
0%
“There is no good and evil, there is only power and those too weak to seek it.” J.K. Rowling
0%
“The only true wisdom is in knowing you know nothing.” Plato
0%
“Success is walking from failure to failure with no loss of enthusiasm.” Winston Churchill
0%
No matching quizzes found
Score Distribution
Percent of People with Each Score
Percentile by Number Answered
Your Score History
You have not taken this quiz